| 000 | 00636nam a2200181 4500 | ||
|---|---|---|---|
| 999 |
_c164814 _d164814 |
||
| 005 | 20190528165901.0 | ||
| 010 | _aENG-125332 | ||
| 020 |
_a9789381008638 _c100.00 |
||
| 035 | _aEN-108864 | ||
| 037 | _bDBAD/PUB | ||
| 082 | _a294.5092 | ||
| 100 | _aSai,Vasantha | ||
| 245 |
_aSacred nadi readings: _cby Vasantha Sai _bSri Sathya Sai baba and sri Vasantha Sai |
||
| 260 |
_aMadurai _bSri Vasanthasai Books & Publications Trust _c2011 |
||
| 270 |
_aMuktiNilayam,Royapalayam Village B.O. _bTirumangalam S.O, Madurai _e625706 _mmukthinilayam@gmail.com |
||
| 300 |
_a124p. _c22cm. (pbk) |
||
| 942 |
_2ddc _cEN _h294.5092 _mSAI |
||